<?xml version="1.0" encoding="UTF-8"?>
<record
    xmlns:xsi="http://www.w3.org/2001/XMLSchema-instance"
    xsi:schemaLocation="http://www.loc.gov/MARC21/slim http://www.loc.gov/standards/marcxml/schema/MARC21slim.xsd"
    xmlns="http://www.loc.gov/MARC21/slim">

  <leader>00995nam0a22002291  4500</leader>
  <controlfield tag="001">rc\2764652</controlfield>
  <controlfield tag="005">20260408024257.0</controlfield>
  <datafield tag="035" ind1=" " ind2=" ">
    <subfield code="a">(NLR Aleph) 006891152</subfield>
  </datafield>
  <datafield tag="090" ind1=" " ind2=" ">
    <subfield code="a">7148196</subfield>
    <subfield code="c">7148196</subfield>
  </datafield>
  <datafield tag="100" ind1=" " ind2=" ">
    <subfield code="a">20110915d1940    |||y0rusy50      ca</subfield>
  </datafield>
  <datafield tag="101" ind1="0" ind2=" ">
    <subfield code="a">rus</subfield>
  </datafield>
  <datafield tag="102" ind1=" " ind2=" ">
    <subfield code="a">RU</subfield>
  </datafield>
  <datafield tag="105" ind1=" " ind2=" ">
    <subfield code="a">a   z   |||||</subfield>
  </datafield>
  <datafield tag="200" ind1="1" ind2=" ">
    <subfield code="a">&#x412;&#x440;&#x435;&#x43C;&#x435;&#x43D;&#x43D;&#x44B;&#x435; &#x440;&#x443;&#x43A;&#x43E;&#x432;&#x43E;&#x434;&#x44F;&#x449;&#x438;&#x435; &#x443;&#x43A;&#x430;&#x437;&#x430;&#x43D;&#x438;&#x44F; &#x43F;&#x43E; &#x43F;&#x440;&#x438;&#x435;&#x43C;&#x43A;&#x435; &#x44D;&#x43B;&#x435;&#x43A;&#x442;&#x440;&#x43E;&#x443;&#x441;&#x442;&#x430;&#x43D;&#x43E;&#x432;&#x43E;&#x43A; &#x432; &#x436;&#x438;&#x43B;&#x44B;&#x445;, &#x43E;&#x431;&#x449;&#x435;&#x441;&#x442;&#x432;&#x435;&#x43D;&#x43D;&#x44B;&#x445; &#x43F;&#x43E;&#x43C;&#x435;&#x449;&#x435;&#x43D;&#x438;&#x44F;&#x445; &#x438; &#x43F;&#x440;&#x43E;&#x438;&#x437;&#x432;&#x43E;&#x434;&#x441;&#x442;&#x432;&#x435;&#x43D;&#x43D;&#x44B;&#x445; &#x43F;&#x440;&#x435;&#x434;&#x43F;&#x440;&#x438;&#x44F;&#x442;&#x438;&#x44F;&#x445; &#x43C;&#x43E;&#x449;&#x43D;&#x43E;&#x441;&#x442;&#x44C;&#x44E; &#x434;&#x43E; 50 &#x43A;&#x432;&#x442; 2-&#x41D;</subfield>
    <subfield code="f">&#x42D;&#x43D;&#x435;&#x440;&#x433;&#x43E;&#x441;&#x431;&#x44B;&#x442; - &#x41A;&#x438;&#x435;&#x432;&#x44D;&#x43D;&#x435;&#x440;&#x433;&#x43E;</subfield>
  </datafield>
  <datafield tag="210" ind1=" " ind2=" ">
    <subfield code="a">&#x41A;&#x438;&#x435;&#x432;</subfield>
    <subfield code="c">&#x42D;&#x43D;&#x435;&#x440;&#x433;&#x43E;&#x441;&#x431;&#x44B;&#x442; &#x41A;&#x438;&#x435;&#x432;&#x44D;&#x43D;&#x435;&#x440;&#x433;&#x43E;</subfield>
    <subfield code="d">1940</subfield>
  </datafield>
  <datafield tag="215" ind1=" " ind2=" ">
    <subfield code="a">114 &#x441;., 2 &#x43D;&#x435;&#x43D;&#x443;&#x43C;. &#x441;., 1 &#x432;&#x43A;&#x43B;. &#x43B;. &#x442;&#x430;&#x431;&#x43B;.</subfield>
    <subfield code="c">&#x447;&#x435;&#x440;&#x442;., &#x441;&#x445;&#x435;&#x43C;.</subfield>
    <subfield code="d">17 &#x441;&#x43C;.</subfield>
  </datafield>
  <datafield tag="712" ind1="0" ind2="2">
    <subfield code="a">&#x42D;&#x43D;&#x435;&#x440;&#x433;&#x43E;&#x441;&#x431;&#x44B;&#x442;</subfield>
    <subfield code="c">&#x41A;&#x438;&#x435;&#x432;</subfield>
    <subfield code="3">RU\NLR\AUTH\8810185040</subfield>
    <subfield code="9">865938</subfield>
  </datafield>
  <datafield tag="801" ind1=" " ind2="0">
    <subfield code="a">RU</subfield>
    <subfield code="b">NLR</subfield>
    <subfield code="g">psbo</subfield>
  </datafield>
  <datafield tag="801" ind1=" " ind2="1">
    <subfield code="a">RU</subfield>
    <subfield code="b">ELAR</subfield>
    <subfield code="2">rusmarc</subfield>
  </datafield>
  <datafield tag="852" ind1=" " ind2=" ">
    <subfield code="a">NLR</subfield>
    <subfield code="j">40-2/103</subfield>
  </datafield>
  <datafield tag="942" ind1=" " ind2=" ">
    <subfield code="c">BOOK</subfield>
  </datafield>
  <datafield tag="980" ind1=" " ind2=" ">
    <subfield code="a">NB</subfield>
  </datafield>
  <datafield tag="995" ind1=" " ind2=" ">
    <subfield code="5">2013-10-26</subfield>
    <subfield code="b">NLR02</subfield>
    <subfield code="c">NLR02</subfield>
    <subfield code="e">RFS</subfield>
    <subfield code="f">6891152-10</subfield>
    <subfield code="k">40-2/103</subfield>
    <subfield code="o">0</subfield>
    <subfield code="r">BOOK</subfield>
    <subfield code="s">402103_</subfield>
  </datafield>
</record>
